000 00459 a2200157 4500
005 20260330113747.0
008 250609b |||||||| |||| 00| 0 eng d
020 _a9789385253850
080 _aFM
_bAPA/K
100 _aAparna Kurup
245 _aKo ahavu the vai(കോ അഹാവു തെ വായി)
260 _bGreen pepper publica
_aThiruvananthapuram
_c2023
300 _a128p
653 _aFiction - Novel - Malayalam Literature
942 _cBK
999 _c114300
_d114299